<?xml version="1.0" encoding="UTF-8"?>
<record
    xmlns:xsi="http://www.w3.org/2001/XMLSchema-instance"
    xsi:schemaLocation="http://www.loc.gov/MARC21/slim http://www.loc.gov/standards/marcxml/schema/MARC21slim.xsd"
    xmlns="http://www.loc.gov/MARC21/slim">

  <leader>01462nam a2200325 a 4500</leader>
  <controlfield tag="001">000000351</controlfield>
  <controlfield tag="003">DO-SdBNP</controlfield>
  <controlfield tag="005">20230428112531.0</controlfield>
  <controlfield tag="007">000000351</controlfield>
  <controlfield tag="008">081204s2009  dr a    001 0 spa d</controlfield>
  <datafield tag="020" ind1=" " ind2=" ">
    <subfield code="a">9789993456117</subfield>
  </datafield>
  <datafield tag="040" ind1=" " ind2=" ">
    <subfield code="a">BPMSU</subfield>
    <subfield code="b">spa</subfield>
    <subfield code="c">BPMSU</subfield>
  </datafield>
  <datafield tag="049" ind1=" " ind2=" ">
    <subfield code="a"> </subfield>
    <subfield code="c"> </subfield>
  </datafield>
  <datafield tag="082" ind1=" " ind2="4">
    <subfield code="a">RD861.5</subfield>
    <subfield code="b">G146L 2007</subfield>
    <subfield code="2">22</subfield>
  </datafield>
  <datafield tag="100" ind1="1" ind2=" ">
    <subfield code="a">Gal&#xE1;n, Bismar</subfield>
  </datafield>
  <datafield tag="245" ind1="1" ind2="0">
    <subfield code="a">Luna de plata /</subfield>
    <subfield code="c">Bismar Gal&#xE1;n.</subfield>
  </datafield>
  <datafield tag="250" ind1=" " ind2=" ">
    <subfield code="a">2a. ed. </subfield>
  </datafield>
  <datafield tag="260" ind1=" " ind2=" ">
    <subfield code="a">Santo Domingo :</subfield>
    <subfield code="b">Norma,</subfield>
    <subfield code="c">2009</subfield>
  </datafield>
  <datafield tag="300" ind1=" " ind2=" ">
    <subfield code="a">46 p. :</subfield>
    <subfield code="b">il. ;</subfield>
    <subfield code="c">19 cm.</subfield>
  </datafield>
  <datafield tag="440" ind1="0" ind2=" ">
    <subfield code="a">Torre de Papel Naranja</subfield>
  </datafield>
  <datafield tag="500" ind1=" " ind2=" ">
    <subfield code="a">Incluye datos biogr&#xE1;ficos del autor en la contracubierta</subfield>
  </datafield>
  <datafield tag="505" ind1="0" ind2=" ">
    <subfield code="t">Dedicatoria --</subfield>
    <subfield code="t">Abuelo dime por qu&#xE9; --</subfield>
    <subfield code="t">Nido --</subfield>
    <subfield code="t">Dice abuela --</subfield>
    <subfield code="t">Coqueta --</subfield>
    <subfield code="t">En la ventana --</subfield>
    <subfield code="t">Dibujo --</subfield>
    <subfield code="t">Piloto --</subfield>
    <subfield code="t">Juego de noche --</subfield>
    <subfield code="t">Primavera --</subfield>
    <subfield code="t">La lluvia --</subfield>
    <subfield code="t">M&#xFA;sica --</subfield>
    <subfield code="t">Danza --</subfield>
    <subfield code="t">Alegr&#xED;a --</subfield>
    <subfield code="t">Arcoiris --</subfield>
    <subfield code="t">Cuando la lluvia se esconde --</subfield>
    <subfield code="t">Daniela quiere saber --</subfield>
    <subfield code="t">Hermanito, dilo t&#xFA; --</subfield>
    <subfield code="t">Mariposa --</subfield>
    <subfield code="t">Conversaci&#xF3;n --</subfield>
    <subfield code="t">Payaso --</subfield>
    <subfield code="t">Visita --</subfield>
    <subfield code="t">Ronda --</subfield>
    <subfield code="t">Bola de cristal --</subfield>
    <subfield code="t">Hay un conejo en la luna --</subfield>
    <subfield code="t">Hojas-peces --</subfield>
    <subfield code="t">Libertad --</subfield>
    <subfield code="t">&#xC1;ngeles --</subfield>
    <subfield code="t">All&#xE1;, donde el sol se duerme --</subfield>
    <subfield code="t">Papalote --</subfield>
    <subfield code="t">Humo --</subfield>
    <subfield code="t">Sue&#xF1;o --</subfield>
    <subfield code="t">Escarabajo --</subfield>
    <subfield code="t">Manzanas de oro --</subfield>
    <subfield code="t">Abuelo va a regresar.</subfield>
  </datafield>
  <datafield tag="650" ind1=" " ind2="4">
    <subfield code="a">Poes&#xED;a infantil cubana </subfield>
  </datafield>
  <datafield tag="650" ind1=" " ind2="4">
    <subfield code="a">Literatura infantil cubana </subfield>
  </datafield>
  <datafield tag="910" ind1=" " ind2=" ">
    <subfield code="a">VMateo V. Control de calidad (BPMSU)</subfield>
  </datafield>
  <datafield tag="930" ind1=" " ind2="1">
    <subfield code="l"> </subfield>
    <subfield code="m"> </subfield>
    <subfield code="8"> </subfield>
    <subfield code="f"> </subfield>
    <subfield code="p"> </subfield>
  </datafield>
  <datafield tag="930" ind1=" " ind2="1">
    <subfield code="l"> </subfield>
    <subfield code="m"> </subfield>
    <subfield code="8"> </subfield>
    <subfield code="f"> </subfield>
    <subfield code="p"> </subfield>
    <subfield code="h"> </subfield>
  </datafield>
  <datafield tag="942" ind1=" " ind2=" ">
    <subfield code="2">ddc</subfield>
    <subfield code="c">BK</subfield>
  </datafield>
  <datafield tag="952" ind1=" " ind2=" ">
    <subfield code="0">0</subfield>
    <subfield code="1">0</subfield>
    <subfield code="2">ddc</subfield>
    <subfield code="4">0</subfield>
    <subfield code="7">0</subfield>
    <subfield code="8">CI-D</subfield>
    <subfield code="a">BPMET</subfield>
    <subfield code="b">BPMET</subfield>
    <subfield code="d">2015-02-17</subfield>
    <subfield code="e">Donaci&#xF3;n </subfield>
    <subfield code="o">BPMSU CDI Cu861.5 G146L 2007</subfield>
    <subfield code="p">BPMSU15041360</subfield>
    <subfield code="r">2015-02-17</subfield>
    <subfield code="w">2015-02-17</subfield>
    <subfield code="y">BK</subfield>
  </datafield>
  <datafield tag="952" ind1=" " ind2=" ">
    <subfield code="0">0</subfield>
    <subfield code="1">0</subfield>
    <subfield code="2">ddc</subfield>
    <subfield code="4">0</subfield>
    <subfield code="7">0</subfield>
    <subfield code="8">CI-D</subfield>
    <subfield code="a">BPMET</subfield>
    <subfield code="b">BPMET</subfield>
    <subfield code="d">2015-02-17</subfield>
    <subfield code="e">Donaci&#xF3;n </subfield>
    <subfield code="o">BPMSU CDI Cu861.5 G146L 2007</subfield>
    <subfield code="p">BPMSU15041361</subfield>
    <subfield code="r">2015-02-17</subfield>
    <subfield code="t">e.2</subfield>
    <subfield code="w">2015-02-17</subfield>
    <subfield code="y">BK</subfield>
  </datafield>
  <datafield tag="952" ind1=" " ind2=" ">
    <subfield code="0">0</subfield>
    <subfield code="1">0</subfield>
    <subfield code="2">ddc</subfield>
    <subfield code="4">0</subfield>
    <subfield code="7">0</subfield>
    <subfield code="8">CI-D</subfield>
    <subfield code="a">BPMET</subfield>
    <subfield code="b">BPMET</subfield>
    <subfield code="d">2015-02-17</subfield>
    <subfield code="e">Donaci&#xF3;n </subfield>
    <subfield code="o">BPMSU CDI Cu861.5 G146L 2007</subfield>
    <subfield code="p">BPMSU15041362</subfield>
    <subfield code="r">2015-02-17</subfield>
    <subfield code="t">e.3</subfield>
    <subfield code="w">2015-02-17</subfield>
    <subfield code="y">BK</subfield>
  </datafield>
  <datafield tag="956" ind1=" " ind2=" ">
    <subfield code="a"> </subfield>
    <subfield code="b"> </subfield>
    <subfield code="c"> </subfield>
    <subfield code="l"> </subfield>
    <subfield code="h"> </subfield>
  </datafield>
  <datafield tag="999" ind1=" " ind2=" ">
    <subfield code="c">7431</subfield>
    <subfield code="d">7431</subfield>
  </datafield>
</record>
